000 00289nam a2200097Ia 4500
008 240331s9999 xx 000 0 und d
082 _bAMA
100 _aAmarasinghe,R
245 0 _aTwenty Two Years of Devolution :
_bAn Evaluation of the Working of Provincial Councils in Sri Lanka
942 _cL
999 _c5767
_d5767